01070nam a22002657a 450000500170000001000150001702000290003203500130006103700130007408200150008724501080010226000450021027001130025530000420036849000350041050500330044565000350047865000180051370000230053170000250055470000290057994200290060899900170063795201500065420100818121545.0 aENG-100758 a818177034X (V.3)c608.00 aEN-84291 bDBAD/PUB a581.954163 aMaterials for the flora of Arunachal Pradesh /cedited by G. S. Giri, A. Pramanik [and] H. J. Chowdhery aKolkatabBotanical Survey of Indiac2008 aCGO Complex, 3rd MSO Building, Block-F, 5th & 6th Floor, DF-Block, Sector-1, Salt Lake CitybKolkatae700064 aV.3 (349p.):bill.c24cm (Hb)ephotos aFlora of India series-2914691 aV.3 Hydrocharitaceae-poaceae aIndiazHimachal Pradesh914692 aPlants914693 aGiri, G. S.914664 aPramanik, A. 914665 aChowdhery, H. J. 914666 2ddccENh581.954163mMAT c42385d42385 00103V.340718NFICaDBADbDBADd2010-08-18eDBAD/PUBg608.00l0o581.954163 MATpEN-84291r2010-08-18 00:00:00t1v608.00w2010-08-18yENzV.3